Language,ideology and power : (Record no. 61882)
[ view plain ]
| 000 -LEADER | |
|---|---|
| fixed length control field | 01779nam a22002777a 4500 |
| 005 - DATE AND TIME OF LATEST TRANSACTION | |
| control field | 20120203111810.0 |
| 010 ## - LCCN (DPL NO) | |
| LC control number | B-452520-524 |
| 020 ## - INTERNATIONAL STANDARD BOOK NUMBER | |
| International Standard Book Number | 8125034635 |
| Terms of availability | 950.00 |
| 020 ## - INTERNATIONAL STANDARD BOOK NUMBER | |
| International Standard Book Number | 9788125034636 |
| Terms of availability | 950.00 |
| 035 ## - SYSTEM CONTROL NUMBER | |
| System control number | B-452520-524 |
| 037 ## - SOURCE OF ACQUISITION | |
| Source of stock number/acquisition | Virtuous Pub./Ven |
| 082 ## - DEWEY DECIMAL CLASSIFICATION NUMBER | |
| Classification number | 306.4409547 |
| 100 ## - MAIN ENTRY--PERSONAL NAME | |
| Personal name | Tariq Rahman |
| 245 ## - TITLE STATEMENT | |
| Title | Language,ideology and power : |
| Remainder of title | language-lerning among the Muslims of Pakistan and North India / |
| Statement of responsibility, etc | by Tariq Rahman |
| 260 ## - PUBLICATION, DISTRIBUTION, ETC. (IMPRINT) | |
| Place of publication, distribution, etc | New Delhi |
| Name of publisher, distributor, etc | Orient Longman |
| Date of publication, distribution, etc | 2008 |
| 270 ## - ADDRESS | |
| Address | 1/24 Asaf Ali Road, |
| City | New Delhi |
| Postal code | 110002 |
| 300 ## - PHYSICAL DESCRIPTION | |
| Extent | xix,662p, |
| Dimensions | 22cm(pbk) |
| 500 ## - GENERAL NOTE | |
| General note | Includes biblograpical references and index |
| 942 ## - ADDED ENTRY ELEMENTS (KOHA) | |
| Source of classification or shelving scheme | Dewey Decimal Classification |
| Item type | English Books |
| Call number suffix | TAR |
| Classification part | 306.4409547 |
| Withdrawn status | Lost status | Not for loan | Collection code | Home library | Current library | Date acquired | Source of acquisition | Cost, normal purchase price | Full call number | Barcode | Copy number | Cost, replacement price | Koha item type |
|---|---|---|---|---|---|---|---|---|---|---|---|---|---|
| Non-fiction | Central Library | Central Library | 16/02/2012 | Virtuous Pub/686/14.10.2011/05/15.09.2011/29.11.2011 | 950.00 | 306.4409547 TAR | B-452520 | 1 | 950.00 | English Books | |||
| Non-fiction | Karol Bagh | Karol Bagh | 16/02/2012 | Virtuous Pub/686/14.10.2011/05/15.09.2011/29.11.2011 | 950.00 | 306.4409547 TAR | B-452523 | 1 | 950.00 | English Books | |||
| Non-fiction | Patel Nagar | Patel Nagar | 16/02/2012 | Virtuous Pub/686/14.10.2011/05/15.09.2011/29.11.2011 | 950.00 | 306.4409547 TAR | B-452521 | 1 | 950.00 | English Books | |||
| Non-fiction | Sarojini Nagar | Sarojini Nagar | 16/02/2012 | Virtuous Pub/686/14.10.2011/05/15.09.2011/29.11.2011 | 950.00 | 306.4409547 TAR | B-452522 | 1 | 950.00 | English Books | |||
| Non-fiction | Shahdara Branch | Shahdara Branch | 16/02/2012 | Virtuous Pub/686/14.10.2011/05/15.09.2011/29.11.2011 | 950.00 | 306.4409547 TAR | B-452524 | 1 | 950.00 | English Books |
